Seals and Coats of Arms of Every Capital City - Statistics

General Stats
  • This quiz has been taken 78 times
  • The average score is 40 of 185
Answer Stats
Picture Answer % Correct
Berlin
74%
Dushanbe
71%
Jakarta
71%
Stockholm
71%
Washington D.C.
71%
Vatican City
68%
Rome
66%
Jerusalem
63%
Luxembourg
63%
Moscow
61%
Amsterdam
58%
London
58%
Monaco
58%
Singapore
58%
Tunis
58%
Paris
55%
Vienna
55%
Bandar Seri Begawan
53%
Bern
53%
Bucharest
53%
Astana
50%
Beijing
50%
San Marino
50%
Chișinău
47%
Copenhagen
47%
Lisbon
47%
Bishkek
45%
Kyiv
45%
La Paz
45%
Madrid
45%
Manila
45%
Rabat
45%
Seoul
45%
Ulaanbaatar
45%
Vientiane
45%
Caracas
42%
Taipei
42%
Tallinn
42%
Addis Ababa
39%
Athens
39%
Budapest
39%
Krung Thep
39%
Riyadh
39%
Libreville
37%
Manama
37%
Naypyidaw
37%
Brussels
34%
Kathmandu
34%
Yerevan
34%
Harare
32%
Minsk
32%
Nouakchott
32%
Ottawa
32%
Vilnius
32%
Damascus
29%
Dhaka
29%
Helsinki
29%
Islamabad
29%
Mexico City
29%
Muscat
29%
Sri Jayawardenepura Kotte
29%
Abu Dhabi
26%
Kuala Lumpur
26%
Maseru
26%
Nairobi
26%
Prague
26%
Majuro
24%
Tokyo
24%
Vaduz
24%
Wellington
24%
Brasília
21%
Ljubljana
21%
Malé
21%
Oslo
21%
Pristina
21%
Sofia
21%
Tbilisi
21%
Warsaw
21%
Amman
18%
Dublin
18%
New Delhi
18%
Praia
18%
Riga
18%
Tehran
18%
Bratislava
16%
Djibouti
16%
Gaborone
16%
Kuwait City
16%
Luanda
16%
Phnom Penh
16%
Sana'a
16%
San Salvador
16%
Thimphu
16%
Algiers
13%
Ankara
13%
Baghdad
13%
Belmopan
13%
Bogotá
13%
Cairo
13%
Canberra
13%
Kampala
13%
Podgorica
13%
Reykjavik
13%
Accra
11%
Baku
11%
Beirut
11%
Belgrade
11%
Bridgetown
11%
Havana
11%
Lima
11%
Mogadishu
11%
Quito
11%
Santiago
11%
Skopje
11%
South Tarawa
11%
Tashkent
11%
Abuja
8%
Ashgabat
8%
Bissau
8%
Castries
8%
Guatemala City
8%
Khartoum
8%
Maputo
8%
Montevideo
8%
Ouagadougou
8%
Pretoria
8%
Roseau
8%
San José
8%
São Tomé
8%
Sarajevo
8%
Sucre
8%
Tirana
8%
Tripoli
8%
Valletta
8%
Zagreb
8%
Andorra La Vella
5%
Buenos Aires
5%
Dili
5%
Dodoma
5%
Funafuti
5%
Hanoi
5%
Kabul
5%
Kinshasa
5%
Malabo
5%
Mbabane
5%
Monrovia
5%
Port Vila
5%
Suva
5%
Victoria
5%
Antananarivo
3%
Asunción
3%
Bamako
3%
Bloemfontein
3%
Brazzaville
3%
Cape Town
3%
Freetown
3%
Kigali
3%
Kingston
3%
Lilongwe
3%
Lusaka
3%
Managua
3%
Nassau
3%
N'djamena
3%
Niamey
3%
Windhoek
3%
Asmara
0%
Bangui
0%
Banjul
0%
Conakry
0%
Cotonou
0%
Dakar
0%
Georgetown
0%
Honiara
0%
Juba
0%
Lomé
0%
Panama City
0%
Port-Au-Prince
0%
Port Louis
0%
Port Moresby
0%
Port of Spain
0%
Porto-Novo
0%
Santo Domingo
0%
Tegucigalpa
0%
Yamoussoukro
0%
Yaoundé
0%
No matching quizzes found
Score Distribution
Percent of People with Each Score
Percentile by Number Answered
Your Score History
You have not taken this quiz